000 00438pab a2200157 454500
008 180718b2004 xxu||||| |||| 00| 0 eng d
100 _aSadeep Kumar
245 _aAgro products in international trade: performance and potential
260 _c2004
300 _ap.224-31.
650 _aInternational trade
650 _aAgricultural products
700 _aSaleem, Mohd.
773 _aResearch Journal Social Sciences
909 _a68129
999 _c68129
_d68129